| 000 | 00519 a2200157 4500 | ||
|---|---|---|---|
| 020 | _a8120323165 | ||
| 040 |
_aDLC _bDLC |
||
| 082 | _a621.303 | ||
| 100 | _aSmarajit Ghosh | ||
| 245 |
_aFundamentals of Electrical and Electronics Engineering _cGhosh, Smarajit |
||
| 260 |
_aNew Delhi : _bPrentice-Hall of India Pvt.Ltd, _c2003. |
||
| 300 |
_axxiii, 763 p. : _b ill. ; _c24 cm. |
||
| 500 | _aIncludes bibliographical references and index | ||
| 650 | _a1.Electronics Engineering. 2.Electronics | ||
| 942 |
_cBK _k621.303 GHO _2ddc |
||
| 999 |
_c4546 _d4546 |
||